عرض عادي
عرض مارك
- الأفندي، عبد الوهاب
مدخل إسم شخص
001 - رقم الضبط
- حقل الضبط: 12719
003 - معرف رقم الضبط
- حقل الضبط: OSt
005 - تاريخ ووقت أخر عملية
- حقل الضبط: 20120508152053.0
008 - عناصر بيانات ثابتة الطول
- حقل تحكم ثابت الطول: 120508|||a|||||| | ||| d
040 ## - مصدر الفهرسة
- هيئة الفهرسة الأصلية: OSt
- وكالة الكتابة: OSt
100 ## - مدخل -- أسم شخص
- إسم شخص: الأفندي، عبد الوهاب
670 ## - بيانات المصدر موجوده
- الاستشهاد بالمصدر: Work cat.: (OSt): الأفندي، عبد الوهاب, لمن تقوم الدولة الإسلامية ؟ /, 2011
